| 000 | 00681cam a22002052 4500 | ||
|---|---|---|---|
| 001 | 0000008642 | ||
| 005 | 20151217152038.0 | ||
| 008 | 080508s xx 000 0 eng d | ||
| 020 |
_a0851117635 : _cKES 2300 |
||
| 040 |
_aKABU _cKABU |
||
| 100 | 1 |
_aBrown, Colin. _@0000004530 |
|
| 245 | 1 | 0 |
_aChristianity & western thought vol. 1 : _ba history of philosophers, ideas & movements / _cColin Brown. |
| 260 |
_aDowners Grove, IL. : _bIVP, _c1990. |
||
| 300 | _a447 p. | ||
| 650 | 0 |
_aChristianity _xPhilosophy. _@0000157001 |
|
| 650 | 0 |
_aFaith and reason _xHistory of doctrines. _@0000159300 |
|
| 908 | _a080508 | ||
| 950 | _@1 | ||
| 999 |
_c7666 _d7666 |
||